Responses for show #7959 - Thursday, March 28, 2019

Steven Grade game 2.

Contestants

[<< previous game]

Kenji Shimizu, a biomedical engineer from Ann Arbor, Michigan

Sarah von Oeyen, a librarian from Troy, Michigan

Steven Grade, a sports industry consultant from Atlanta, Georgia (whose 1-day cash winnings total $21,600)

[next game >>]

Jeopardy! Round responses

MOVEABLE FEASTS?
FILM DIRECTORS
WE WOULD HAVE ALSO ACCEPTED...
NAME THAT NOVELIST!
THE WESTERN U.S.
PUT A "RING" ON IT
    $200 8
tailgates

Steven
    $200 1
The Searchers

Steven
    $200 20
a tiara

Kenji
    $200 6
(Oscar) Wilde

Sarah
    $200 9
the Hoover Dam

Kenji
    $200 18
(Alex: CO for Colorado.)

coring

Kenji
    $400 11
lunch boxes

Kenji
    $400 2
(John) Krasinski

Steven
    $400 23
George Orwell

Kenji
    $400 7
(Alex: Game of Thrones.)

(George R.R.) Martin

Steven
    $400 13
Little Bighorn

Steven
    $400 19
(Alex: PA, Pennsylvania.)

paring

Steven
    $600 14
a picnic

Sarah
    $600 3
Helena Bonham Carter

Steven
    $600 29
[The end-of-round signal sounds.]

Vatican City

Steven
    $600 10
(Willa) Cather

Steven
    $600 21
Winslow

Kenji
    $600 25
(Alex: Less than a minute now.)

sparring

Sarah
    $800 15
kimchi

Steven
    $800 4
(Greta) Gerwig

Steven
    $800 12
John Irving

Kenji
    $800 22
Area 51

Sarah
    $800 26
adoring

Steven
    $1000 16
trolleys

Sarah
    $1000 5
(Kenji: Who is Fellini?)
...
[Applause for Steven running the category.]

(Bernardo) Bertolucci

StevenKenji
    $1000 28
Peter

Steven
    $1,000 17
(Alex: The Da Vinci Code.)

Dan Brown

Sarah
    $1000 24
the golden spike

Sarah
    $1000 27
(Alex: For cove.)

covering

Kenji

Scores at the first commercial break (after clue 15):

Steven Sarah Kenji
$5,400 $800 $400

Scores at the end of the Jeopardy! Round:

Steven Sarah Kenji
$8,200 $5,200 $2,800

Double Jeopardy! Round responses

THING 1 & THING 2
CELEBRITY SIBLINGS
FICTIONAL MEMOIRS
FOR THE BIRDS
LETTER PERFECT
DIET LAND
    $400 13
primer

Steven
    $400 3
Judd

Steven
    $400 16
a geisha

Sarah
    $400 14
(Steven: What are wings?)

feathers

Steven
Triple Stumper
    $400 8
D

Steven
    $400 15
Hungary

Steven
    $800 18
the parking brake

Sarah
    $800 4
Gilbert

Steven
    $800 17
Ron Burgundy

Steven
    $800 20
pollination

Steven
    $800 9
(Alex: For fighter.)

F

Steven
    $800 21
the Holy Roman Empire

Kenji
    $1200 19
fabric softener

Steven
    $1200 5
Fanning

Steven
    $1200 2
Alice

Steven
    $4,000 27
(Alex: [Before Steven wagers] Less than a minute now.)

an albatross

Steven
    $1200 10
(Alex: For Greenwich.)

G

Sarah
    $1200 24
Japan

Steven
    $1600 25
mulch

Steven
    $1600 6
Carradine

Sarah
    $1600 1
Howard Hughes

Triple Stumper
    $1600 30
a toucan

Kenji
    $1600 11
J

Kenji
    $5,000 23
Martin Luther

Kenji
    $2000 28
flour

Steven
    $2000 7
Young

Steven
    $2000 26
Miss Jane Pittman

Triple Stumper
    $2000 29
an ibis

Kenji
    $2000 12
S

Kenji
    $2000 22
Finland

Kenji

Scores at the end of the Double Jeopardy! Round:

Steven Sarah Kenji
$27,000 $9,200 $17,800

[wagering suggestions for these scores]

Final Jeopardy! Round responses

FAMOUS PHRASE ORIGINS
(Alex: [To Kenji] Hence "being on cloud 9", a phrase for euphoria.)
SarahWhat are the stars
$0
KenjiWhat are clouds?
$9,201
StevenWhat are clouds?
$8,601
clouds

Final scores:

Steven Sarah Kenji
$35,601 $9,200 $27,001
2-day champion: $57,201 3rd place: $1,000 2nd place: $2,000

Game dynamics:

Coryat scores:

Steven Sarah Kenji
$24,200 $9,200 $14,400
30 R
(including 1 DD),
1 W
11 R
(including 1 DD),
0 W
15 R
(including 1 DD),
1 W

Combined Coryat: $47,800

The J! Archive is created by fans, for fans. The Jeopardy! game show and all elements thereof, including but not limited to copyright and trademark thereto, are the property of Jeopardy Productions, Inc. and are protected under law. This website is not affiliated with, sponsored by, or operated by Jeopardy Productions, Inc. Join the discussion at JBoard.tv.